000 00917nam a2200253 i 4500
003 DO-SdBNP
005 20240913111557.0
007 ta
008 240913b1983 dr ||||| |||| 00| 0 spa d
040 _aDO-SdBNP
_bspa
_cBNPHU
_erda
082 4 _222
111 2 _aCongreso de sociología
_cSanto Domingo )
_d18 al 21 de octubre 1982 :
_n3 er. :
_986570
245 1 0 _aProblemática rural en República Dominicana
_cprólogo, Mirian Díaz Santana
264 4 _aSanto Domingo :
_bEditor Asociación Dominicana de Sociólogos,
_c1983.
300 _a469 páginas ;
_c23 cm.
336 _atexto
_btxt
_2rdacontent
337 _asin mediación
_bn
_2rdamedia
338 _avolumen
_bnc
_2rdacarrier
500 _aIncluye referencias bibliográficas y notas al pie de las páginas
590 _aInventariado, 2024/BT
700 1 _aDíaz Santana, Mirian,
_eprologuista
_4pról.
_986571
910 _aBtavárez
942 _2ddc
_cLBS1
999 _c57682
_d57682